Fluid mechanics for chemical engineers / (Record no. 70136)

000 -LEADER
fixed length control field 01183pam a2200277 a 4500
001 - CONTROL NUMBER
control field 4507283
003 - CONTROL NUMBER IDENTIFIER
control field NUST - PNEC
005 - DATE AND TIME OF LATEST TRANSACTION
control field 20170116181134.0
008 - FIXED-LENGTH DATA ELEMENTS--GENERAL INFORMATION
fixed length control field 980611s1999 njua b 001 0 eng
010 ## - LIBRARY OF CONGRESS CONTROL NUMBER
LC control number 98029633
020 ## - INTERNATIONAL STANDARD BOOK NUMBER
International Standard Book Number 0137398972
040 ## - CATALOGING SOURCE
Original cataloging agency DLC
Transcribing agency LIBRARY
Modifying agency DLC
050 00 - LIBRARY OF CONGRESS CALL NUMBER
Classification number TP155.7
Item number .W55 1999
082 00 - DEWEY DECIMAL CLASSIFICATION NUMBER
Classification number 660 WIL
Edition number 21
100 1# - MAIN ENTRY--PERSONAL NAME
Personal name Wilkes, James O.
245 10 - TITLE STATEMENT
Title Fluid mechanics for chemical engineers /
Statement of responsibility, etc. by James O. Wilkes, with contributions by Stacy G. Bike.
260 ## - PUBLICATION, DISTRIBUTION, ETC.
Place of publication, distribution, etc. Upper Saddle River, N.J. :
Name of publisher, distributor, etc. Prentice Hall PTR,
Date of publication, distribution, etc. c1999.
300 ## - PHYSICAL DESCRIPTION
Extent xiv, 599 p. :
Other physical details ill. ;
Dimensions 24 cm.
440 #0 - SERIES STATEMENT/ADDED ENTRY--TITLE
Title Prentice Hall international series in the physical and chemical engineering sciences
504 ## - BIBLIOGRAPHY, ETC. NOTE
Bibliography, etc. note Includes bibliographical references and index.
650 #0 - SUBJECT ADDED ENTRY--TOPICAL TERM
Topical term or geographic name entry element Chemical processes.
General subdivision ME
650 #0 - SUBJECT ADDED ENTRY--TOPICAL TERM
Topical term or geographic name entry element Fluid dynamics.
700 1# - ADDED ENTRY--PERSONAL NAME
Personal name Bike, Stacy G.
942 ## - ADDED ENTRY ELEMENTS (KOHA)
Source of classification or shelving scheme
Koha item type Book
Holdings
Withdrawn status Lost status Source of classification or shelving scheme Damaged status Not for loan Permanent Location Current Location Shelving location Date acquired Total Checkouts Full call number Barcode Date last seen Price effective from Koha item type
          Pakistan Navy Engineering College (PNEC) Pakistan Navy Engineering College (PNEC)   10/07/2015   660 WIL PNECLIB-027008 10/07/2015   Book
© 2023 Central Library, National University of Sciences and Technology. All Rights Reserved.